000 00688nam a22002177a 4500
999 _c16140
_d16140
003 AR-CdUCM
008 190502b ||||| |||| 00| 0 spa d
040 _aMUNICIPALIDAD PROVINCIAL DEL CUSCO
_cBIBLIOTECA MUNICIPAL DEL CUSCO
082 _a157 /
_bM22 / 1929
100 _aMantegazza, Pablo
_935426
245 _aHigiene del amor /
260 _aBarcelona :
_bMaucci,
_c1929.
300 _a221 páginas ;
_c19 cm.
505 _aContenido : Las flores del jardín -- Los frutos del amor ...
650 _aPsicología
_91538
650 _aPareja
_927362
650 _aRelaciones
_932387
700 _aRivas Monteverde, Julio
_935427
942 _2ddc
_cLIBROS
945 _arah
_d02/05/2019